000 00328nam a2200133 i 4500
001 bg
100 1 _aSOBONIAK, Władysław
245 0 _aOrganizacja wydziału remontowego /
_cWładysław Soboniak.
260 _aWarszawa,
_c1973.
040 _cBPK
041 _apol
942 _cKS
008 s pl f |000 0 pol
999 _c15809
_d15809
856 _uhttp://koha.tu.koszalin.pl/cgi-bin/koha/opac-detail.pl?biblionumber=15809
_yKatalog online BPK